[Event "HUN-ch Rapid 2020"]
[Site "Ajka"]
[Date "2020.07.18"]
[Round "9.25"]
[White "Karacsonyi, Gellert"]
[Black "Juhasz, Judit"]
[Result "1-0"]
[WhiteElo "2292"]
[BlackElo "2053"]
[Annotator "TA"]
[PlyCount "69"]
[EventDate "2020.07.17"]
[EventType "swiss"]
[EventCountry "HUN"]
[SourceTitle "playchess.com"]
[Source "ChessBase"]
[SourceQuality "1"]

{[%evp 16,69,-12,-42,-34,-32,-30,-35,-18,-16,-12,-33,-19,-34,0,-48,-35,-81,-18,-32,-28,-54,0,0,0,-3,0,0,0,0,19,17,43,47,100,95,202,196,233,218,233,227,162,108,233,226,698,689,1020,993,1225,1384,1260,1148,731,652]} 1. f4 c5 2. Nf3 Nc6 3. g3 g6 4. Bg2 Bg7 5. O-O d5 6. d3 e6 7. e4 Nge7 8. Nc3 O-O 9. Kh1 Rb8 {B24: Closed Sicilian: 3 g3 sidelines.} 10. a4 a6 11. Qe2 b5 {Black is slightly better.} 12. axb5 axb5 {[#]} 13. Nd1 $146 ({Predecessor:} 13. g4 c4 14. e5 Qc7 15. d4 Bd7 16. Be3 Qb7 17. Qf2 Ra8 18. Rab1 b4 19. Ne2 {1-0 (44) Titu,M (2147)-Denes,A (1817) Targu Mures 2019}) 13... Bb7 14. Be3 d4 15. Bg1 e5 16. Nh4 f5 ({Better is} 16... exf4 $17 17. gxf4 Qd6) 17. fxe5 $11 Nxe5 18. exf5 Bxg2+ ({Black should try} 18... gxf5 $15 19. Bxb7 Rxb7) 19. Qxg2 g5 20. Nf3 Rxf5 21. Nxe5 Rxf1 22. Qxf1 {Qf7+ is the strong threat.} Bxe5 23. Nf2 Qd5+ 24. Ne4 Rf8 (24... g4 $14) 25. Qg2 $16 h6 {[#]} (25... Qc6 $16) 26. Ra7 $1 $18 {[%cal Ba1a7,Ba7e7,Be7e6][%mdl 32]} Qe6 27. Nxc5 Qb6 28. Rxe7 {White wants to mate with Qd5+.} Qxc5 29. Re6 (29. Rd7 $18 Bg7 30. b4) 29... Rf6 {This costs Black the game.} (29... Bg7 $16 {was necessary.} 30. Rc6 Qf5) 30. Qa8+ Kg7 $2 (30... Rf8 31. Qa2 Kh7) 31. Qb7+ {White is clearly winning.} Rf7 32. Qe4 Bf6 33. Rxf6 {[%mdl 64] Remove Defender, Decoy} Rxf6 34. Bxd4 {[%mdl 64] Double Attack} Qd6 {[#]} 35. Qe5 $1 {Accuracy: White = 86%, Black = 29%.} 1-0

[Event "HUN-ch Rapid 2020"]
[Site "Ajka"]
[Date "2020.07.19"]
[Round "10.1"]
[White "Kantor, Gergely"]
[Black "Kozak, Adam"]
[Result "1/2-1/2"]
[WhiteElo "2530"]
[BlackElo "2503"]
[Annotator "TA"]
[PlyCount "64"]
[EventDate "2020.07.17"]
[EventType "rapid"]
[EventCountry "HUN"]
[SourceTitle "playchess.com"]
[Source "ChessBase"]
[SourceQuality "1"]

{[%evp 13,64,20,30,14,14,11,14,11,9,11,47,43,71,64,44,54,54,54,45,54,51,79,134,26,24,20,29,-33,-28,-27,144,17,24,20,18,-49,-2,-65,-54,-64,-70,-63,0,0,0,0,0,0,0,0,0,0,0]} 1. d4 Nf6 2. c4 e6 3. Nc3 d5 4. cxd5 exd5 5. Bg5 Nbd7 {[%cal Bb8d7,Bd7f8,Bf8e6][%mdl 32]} 6. e3 c6 7. Bd3 Be7 8. h3 {D35: Queen's Gambit Declined: Exchange Variation.} Nf8 9. Qc2 Ne6 10. Bh4 g6 11. O-O-O Ng7 12. g4 h5 13. Nf3 $1 hxg4 14. hxg4 Nxg4 {[%cal Re7h4]} ({Not} 14... Bxg4 $2 15. Bxf6 Rg8 16. Bxe7 $18) 15. Bxe7 Kxe7 16. e4 {aiming for Nxd5+!} Rxh1 17. Rxh1 {[#]} Be6 $146 {[#]} (17... Nf6 $142) ({Predecessor:} 17... Nf6 18. e5 Nfh5 19. Ng5 Nf4 20. Rh7 Qg8 21. Na4 Nfe6 22. Qd2 Nf8 23. Qb4+ Ke8 {0-1 (39) Bogdanovich,G-Shestakov,S Volgograd 1980}) 18. Qd2 (18. e5 $1 $16) 18... Nf6 $11 19. Qg5 {Strongly threatening e5.} Kd7 20. Qe5 (20. exd5 $11 Nxd5 21. Ne5+ Kc7 22. Qg3) 20... Ngh5 $15 {Threatens to win with ...Ng4.} 21. exd5 $1 cxd5 $2 {[#]} (21... Nxd5 $11 22. Ne4 Ndf4 23. Nc5+ Kc8) 22. Bb5+ (22. Ng5 $1 $16) 22... Ke7 $1 $11 23. Ng5 Qd6 24. Nxe6 ({Better is} 24. Nxf7 $1 $11 Qb8 25. Qxb8 Rxb8 26. Ne5) 24... Qxe6 25. Re1 (25. Qc7+ $11 Kf8 26. Qxb7) 25... Rc8 $15 26. Kd2 {Black must now prevent Qg5.} Qxe5 27. dxe5 Ne4+ ({Black should play} 27... Ng4 $15 28. Be2 (28. Nxd5+ Ke6 $17 {[%mdl 64] Double Attack}) 28... Nxf2) 28. Nxe4 $11 {The position is equal.} dxe4 29. Rxe4 Rc5 30. Bc4 Ng7 31. f4 Ne6 32. b4 Rc7 {Accuracy: White = 67%, Black = 68%.} 1/2-1/2

[Event "HUN-ch Rapid 2020"]
[Site "Ajka"]
[Date "2020.07.19"]
[Round "10.2"]
[White "Antal, Gergely"]
[Black "Berkes, Ferenc"]
[Result "1/2-1/2"]
[WhiteElo "2571"]
[BlackElo "2661"]
[Annotator "TA"]
[PlyCount "24"]
[EventDate "2020.07.17"]
[EventType "rapid"]
[EventCountry "HUN"]
[SourceTitle "playchess.com"]
[Source "ChessBase"]
[SourceQuality "1"]

{[%evp 9,24,44,39,46,36,37,38,38,53,44,45,29,53,47,86,0,93]} 1. e4 Nf6 2. e5 Nd5 3. d4 d6 4. Nf3 dxe5 5. Nxe5 c6 6. Nf3 {B04: Alekhine's Defence: 4 Nf3.} Bg4 7. Be2 e6 8. O-O {White is slightly better.} Nd7 9. c4 N5f6 10. h3 Bh5 {[#]} 11. Nc3 $146 ({Predecessor:} 11. b3 Be7 12. Bb2 O-O 13. Nbd2 c5 14. Re1 cxd4 15. Nxd4 Bxe2 16. Qxe2 Re8 17. N2f3 Qa5 18. a3 {1-0 (30) Wehmeier,S (2400)-Correia,M (2025) Olot 1996}) 11... Nb6 12. Qb3 (12. g4 $16 Bg6 13. Bf4) 12... Qc7 (12... Bxf3 $1 $11 {remains equal.} 13. Bxf3 Qxd4) 1/2-1/2

[Event "HUN-ch Rapid 2020"]
[Site "Ajka"]
[Date "2020.07.19"]
[Round "10.3"]
[White "Czebe, Attila"]
[Black "Banusz, Tamas"]
[Result "0-1"]
[WhiteElo "2378"]
[BlackElo "2628"]
[Annotator "TA"]
[PlyCount "92"]
[EventDate "2020.07.17"]
[EventType "rapid"]
[EventCountry "HUN"]
[SourceTitle "playchess.com"]
[Source "ChessBase"]
[SourceQuality "1"]

{[%evp 15,92,-18,0,-16,-8,-33,-34,-28,-31,-39,-15,-27,-18,-20,-22,-22,-22,0,36,-25,-38,-35,-35,-40,-40,-76,-43,-33,-49,-25,-30,-51,-40,-63,-40,-94,-90,-111,-118,-110,-126,-211,-211,-211,-211,-202,-191,-191,-180,-210,-218,-206,-201,-281,-286,-338,-327,-313,-310,-429,-429,-427,-415,-420,-426,-370,-333,-443,-439,-404,-315,-698,-706,-990,-975,-974,-960,-958,-895]} 1. Nf3 d5 2. d4 Nf6 3. c4 c6 4. Qc2 g6 5. g3 Bg7 6. Bg2 O-O 7. O-O Bf5 8. Qb3 Qb6 9. Nc3 {[%cal Rc4d5] A11: English Opening: 1...c6.} Rd8 10. c5 Qxb3 11. axb3 {Black is slightly better.} Na6 12. Bf4 {[#]} Ne8 $146 ({Predecessor:} 12... Nd7 13. h3 Be4 14. Rfd1 Bxf3 15. Bxf3 e5 16. Bg5 exd4 17. Nxd5 f6 18. Bf4 Ndxc5 {½-½ (29) Winants,L (2540)-Wirig,A (2499) Belgium 2011}) 13. Rfc1 h6 14. Ra4 g5 15. Bd2 e5 16. Nxe5 Nxc5 17. dxc5 ({White should try} 17. Nxc6 $1 $14 Nxa4 18. Ne7+ {[%mdl 64] Double Attack} Kh7 19. Nxf5 (19. bxa4 Be6 $15) 19... Nxc3 20. bxc3 (20. Bxc3 Nf6 $11) (20. Rxc3 Bf8 $11)) 17... Bxe5 $11 18. Rca1 a6 19. Rb4 Rab8 20. f4 gxf4 21. Bxf4 Bxf4 22. Rxf4 Bg6 23. e4 {[%cal Re4d5]} d4 24. Na4 Ng7 25. Rd1 (25. Bh3 $15) 25... Ne6 $17 {White is on the road to losing.} 26. Rf2 d3 27. Rfd2 Bh5 $36 {[%mdl 2048] [#] Threatens to win with ...Nd4. Keeping White busy.} 28. Rc1 (28. Ra1 $17) 28... Nd4 $19 29. Rc3 Ne2+ {[%mdl 64] Double Attack} 30. Kf2 Nxc3 31. bxc3 {[#]} f5 $1 32. exf5 Bg4 33. Be4 Rf8 34. Rxd3 Rbe8 ({Don't do} 34... Bxf5 35. Bxf5 Rxf5+ 36. Kg2 $17) 35. Rd4 {intending Bd5+.} Bxf5 36. Bxf5 Rxf5+ {[%mdl 4096] Endgame KRR-KRN} 37. Kg2 Re2+ 38. Kh3 Kg7 39. Kg4 Kg6 {( -> ...h5+)} 40. h3 a5 41. b4 axb4 42. cxb4 Rd5 43. Rf4 $2 (43. Rxd5 Re4+ 44. Kf3 cxd5 45. Nb6) 43... Re3 {Black is clearly winning.} 44. Kh4 Rh5+ 45. Kg4 Rg5+ 46. Kh4 Rgxg3 {Accuracy: White = 46%, Black = 93%.} 0-1

[Event "HUN-ch Rapid 2020"]
[Site "Ajka"]
[Date "2020.07.19"]
[Round "10.4"]
[White "Papp, Gabor"]
[Black "Erdos, Viktor"]
[Result "1/2-1/2"]
[WhiteElo "2602"]
[BlackElo "2618"]
[Annotator "TA"]
[PlyCount "33"]
[EventDate "2020.07.17"]
[EventType "rapid"]
[EventCountry "HUN"]
[SourceTitle "playchess.com"]
[Source "ChessBase"]
[SourceQuality "1"]

{[%evp 9,33,-22,0,-10,-8,-18,-14,-35,-44,-51,-44,-58,-37,-50,-24,-38,-39,-33,-42,-51,-59,-47,-41,-33,-35,-43]} 1. d3 d5 2. g3 e5 3. Bg2 Nf6 4. Nf3 Bd6 5. c4 c6 6. O-O {A00: Irregular Openings.} O-O 7. Bg5 dxc4 8. dxc4 {The position is equal.} h6 {[#]} 9. Bxf6 $146 ({Predecessor:} 9. Bc1 Qe7 10. Nc3 Rd8 11. Qc2 e4 12. Nd4 Bxg3 13. hxg3 Rxd4 14. Be3 Rxc4 15. b3 Rxc3 16. Qxc3 {0-1 (60) Fridman,D (2633)-Fedorchuk,S (2648) Katowice 2017}) 9... Qxf6 10. Nc3 {[#] Hoping for Ne4.} Qe7 11. Qc2 Nd7 12. Rad1 Nf6 {Black is slightly better.} 13. Nh4 Bc7 14. b3 g6 15. Ne4 Kg7 16. Nxf6 Qxf6 17. Nf3 {Black did not feel at home in the position after the opening. Accuracy: White = 100%, Black = 91%.} 1/2-1/2

[Event "HUN-ch Rapid 2020"]
[Site "Ajka"]
[Date "2020.07.19"]
[Round "10.5"]
[White "Seres, Lajos"]
[Black "Mihok, Oliver"]
[Result "0-1"]
[WhiteElo "2418"]
[BlackElo "2552"]
[Annotator "TA"]
[PlyCount "105"]
[EventDate "2020.07.17"]
[EventType "rapid"]
[EventCountry "HUN"]
[SourceTitle "playchess.com"]
[Source "ChessBase"]
[SourceQuality "1"]

{[%evp 24,105,49,41,46,59,48,47,48,15,12,13,35,0,36,50,55,9,17,-9,-12,-13,-13,-51,-47,-47,-47,-47,-48,-47,-51,-104,-106,-103,-95,-97,-95,-143,-144,-160,-154,-178,-160,-229,-219,-217,-210,-234,-244,-272,-293,-269,-263,-477,-477,-459,-308,-639,-700,-700,-660,-606,-323,-1940,-1729,-1155,-1009,-29976,-29977,-29977,-29978,-29978,-29979,-29980,-29979,-29977,-29978,-29980,-29981,-29981,-29982,-29982,-29983,-29989]} 1. e4 c5 2. Nf3 e6 3. d4 cxd4 4. Nxd4 Nc6 5. Nc3 Qc7 6. g3 a6 7. Bg2 Nf6 8. O-O Nxd4 9. Qxd4 Bc5 10. Bf4 d6 11. Qd2 h6 12. Rad1 e5 13. Be3 Bb4 {B47: Sicilian: Taimanov: 5 Nc3 Qc7 6 f4, 6 g3 and 6 Be2.} 14. Nb5 axb5 15. Qxb4 Rxa2 {White is slightly better.} 16. Qxb5+ (16. Rxd6 $5 {[%cal Re3b6]} O-O 17. Rd2 $14) 16... Bd7 17. Qb4 {Black must now prevent Bb6.} Ra6 {[#]} 18. Ra1 $146 (18. f3 {feels hotter.} O-O 19. Rf2 Rb8 20. c4 Be6 21. Rfd2) ({Predecessor:} 18. h3 O-O 19. Rd2 Rfa8 20. Rfd1 Ne8 21. b3 Ra2 22. c4 Rxd2 23. Qxd2 Be6 24. f4 {½-½ (36) Anurag,M (2497)-Rahul,S (2395) Taleigao 2019}) 18... Rxa1 19. Rxa1 O-O 20. c3 Bc6 21. Rd1 Ra8 22. h3 Nxe4 23. Bb6 Qe7 24. Bxe4 Ra4 25. Qxd6 Qxd6 26. Rxd6 {Intending Rd8+ and mate.} Bxe4 $15 {[%mdl 4096] Endgame KRB-KRB} 27. f4 {Black converts the advantage convincingly.} (27. Rd1 $15) 27... exf4 $17 28. gxf4 Ra1+ $1 29. Kf2 {[#]} Rh1 $1 30. Ke3 Bc6 31. b4 Rxh3+ 32. Kd4 Rf3 33. Rd8+ (33. c4 $17) 33... Kh7 $19 34. Bc7 {[#]} h5 $1 35. c4 {next b5 is good for White.} Rf1 36. b5 Bg2 37. c5 h4 38. c6 $2 (38. f5) 38... h3 {aiming for ...h2.} 39. f5 Rd1+ 40. Ke3 $2 (40. Kc3 Rxd8 41. Bxd8) 40... Rxd8 41. Bxd8 bxc6 {Threatens to win with ...h2. KB-KB} 42. b6 c5 43. Bc7 $2 (43. Kf2) 43... Kh6 44. Bf4+ Kh5 45. f6 gxf6 {Black mates.} 46. Bh2 Kg4 47. Bd6 f5 48. Bh2 c4 49. Kd4 Bb7 50. Kxc4 Kf3 51. Kd4 f6 52. Kc5 Kg2 53. Kd4 {Accuracy: White = 48%, Black = 87%.} 0-1

[Event "HUN-ch Rapid 2020"]
[Site "Ajka"]
[Date "2020.07.19"]
[Round "10.6"]
[White "Horvath, Adam"]
[Black "Ruck, Robert"]
[Result "1/2-1/2"]
[WhiteElo "2488"]
[BlackElo "2540"]
[Annotator "TA"]
[PlyCount "163"]
[EventDate "2020.07.17"]
[EventType "rapid"]
[EventCountry "HUN"]
[SourceTitle "playchess.com"]
[Source "ChessBase"]
[SourceQuality "1"]

{[%evp 14,163,11,10,41,38,40,33,30,23,33,5,40,0,20,19,20,21,38,28,27,25,36,32,34,14,34,25,36,31,52,30,27,8,63,27,39,21,17,0,0,-57,-52,-78,-62,-97,0,0,0,0,20,18,14,6,22,39,44,35,131,28,28,38,39,6,22,0,9,16,14,9,13,0,0,2,2,7,9,10,8,9,2,-83,-83,-83,-83,-81,-82,-164,-124,-140,-141,-164,-145,-455,-232,-448,-402,-400,-401,-400,-391,-383,-349,-383,-302,-368,-353,-366,-377,-351,-89,-89,-89,-89,-153,-314,-89,-92,-115,-139,-133,-133,-141,-141,0,-351,-315,-191,0,0,0,0,0,0,0,0,0,0,0,0,0,0,0,0,0,0,0,0,0,0,0,0]} 1. e4 c6 2. Nc3 d5 3. Nf3 Bg4 4. h3 Bxf3 5. Qxf3 e6 6. d4 Nf6 7. Bd3 dxe4 8. Nxe4 Nxe4 {8...Qxd4 is the fancy move. B11: Caro-Kann: Two Knights Variation.} 9. Qxe4 Nd7 10. O-O g6 {[#] White is slightly better.} 11. Bf4 $146 ({Predecessor:} 11. c3 Bg7 12. a4 O-O 13. a5 Nf6 14. Qe3 Nd5 15. Qg3 Re8 16. Re1 Bf8 17. a6 {0-1 (31) Lagergren,H (2133)-Laine,J (1878) ICCF email 2010}) 11... Bg7 12. Bd6 Bf8 (12... Nb6 $5 {[%cal Rd8d6]} 13. Be5 Bxe5 14. Qxe5 O-O $11) 13. Bf4 Bg7 14. c3 O-O 15. Rad1 Qa5 16. Bb1 Rad8 17. Rfe1 Rfe8 18. Qf3 Nb6 19. Qg3 Rd7 20. h4 Qb5 21. Bc1 Red8 22. Qf3 Qd5 23. Qe2 Qc4 (23... Bf6 $11) 24. Qc2 Qb5 25. g3 Bf6 26. Bf4 Qh5 27. Qe4 (27. Rc1 $11) 27... c5 $15 28. Bc2 cxd4 29. cxd4 Nd5 ({But not} 29... Bxd4 $2 30. Bg5 $18) (29... Qa5 $17 30. Be5 Bxe5 31. Qxe5 Nc4 32. Qxa5 Nxa5) 30. Ba4 $11 Re7 31. Be5 Bxe5 32. dxe5 Rc7 33. Rd2 Rdc8 34. Bb3 Qh6 35. Red1 Nb6 ({Of course not} 35... Rc1 $6 36. Kg2 $16) ({Black should try} 35... Ne7 $1 $14) 36. Rd8+ (36. a4 $16) 36... Rxd8 37. Rxd8+ Kg7 38. Kg2 Qc1 $1 39. Kh2 Qc5 40. Qf4 {Threatening mate with Qf6+.} Qe7 $1 {[%cal Re7d8]} 41. Rd6 h5 42. a4 Nc8 43. Bd1 Rd7 $132 {[%mdl 2048] Black puts up resistance} 44. Qf6+ Kh7 $1 {aiming for ...Qxf6.} 45. Qxe7 Rxe7 {[%mdl 4096] Endgame KRB-KRN} 46. Rd8 Nb6 47. a5 (47. Bb3 $11 {keeps the balance.}) 47... Nc4 $17 48. f4 Nxa5 49. Bf3 Rc7 50. Ra8 (50. b4 $17 Nc4 51. Kg2) 50... b6 51. b4 Nb3 52. Rd8 a5 {[%cal Ba7a5,Ba5b4,Bb4b3][%mdl 32]} 53. Rb8 $2 {[%mdl 8192]} (53. bxa5 $17 {was the crucial defense.} bxa5 54. Bd1) 53... Nd4 (53... a4 $142 54. Ra8 Rc2+ 55. Kg1 b5) 54. Be4 $2 (54. Bd1 {keeps fighting.} Rc1 55. Ba4) 54... axb4 55. Rxb6 Rc4 $1 56. Kg2 b3 57. Kf2 Rc3 58. Rb4 Nc2 $1 {[%cal Rc2b4]} 59. Rb7 Kg7 60. Rb8 Ne3 61. Ke2 {White wants to play Kd2.} Ng4 $2 (61... Nc4 $19 {has better winning chances.} 62. Bd3 Nb2) 62. Bd3 {[#]} Nf2 $1 {[%cal Rf2d3][%mdl 576] Deflection} 63. Kxf2 {Hoping for Ke3.} Rxd3 {KR-KR} 64. Kg2 $2 {[#]} (64. Re8 $17 {might work better.}) 64... Rd2+ $2 (64... f5 $1 $19 {and Black stays clearly on top.} 65. Kf2 Kf7) 65. Kf3 b2 66. Ke3 Rg2 67. Kf3 Rc2 68. Ke3 f5 ({Black should play} 68... Rh2 $17 69. Kf3 f5 70. exf6+ Kxf6) 69. Kd3 $2 {[%mdl 8192]} (69. Rb7+ $11 Kf8 70. Kd3) 69... Rg2 $19 70. Kd4 Kf7 $2 (70... Rxg3 $19 {And now ...Rg4 would win.} 71. Rb7+ Kh6 72. Rxb2 Rf3) 71. Kc5 $11 {The position is equal.} Rd2 72. Kc6 Rc2+ 73. Kd6 Rd2+ 74. Kc6 Ke7 75. Rb7+ Ke8 76. Rb8+ Kf7 77. Rb7+ Kf8 78. Rb8+ Ke7 79. Rb7+ Ke8 80. Rb8+ Ke7 {( -> ...Rc2+)} 81. Rb7+ Ke8 82. Rb8+ {And White is the lucky defender. Accuracy: White = 70%, Black = 77%.} 1/2-1/2

[Event "HUN-ch Rapid 2020"]
[Site "Ajka"]
[Date "2020.07.19"]
[Round "10.7"]
[White "Bagi, Mate"]
[Black "Meszaros, Tamas"]
[Result "0-1"]
[WhiteElo "2478"]
[BlackElo "2378"]
[Annotator "TA"]
[PlyCount "104"]
[EventDate "2020.07.17"]
[EventType "rapid"]
[EventCountry "HUN"]
[SourceTitle "playchess.com"]
[Source "ChessBase"]
[SourceQuality "1"]

{[%evp 17,104,14,25,22,20,-45,-42,-31,-42,-25,-43,-85,-95,-96,-93,-99,-88,-174,-180,-245,-245,-243,-246,-241,-245,-237,-237,-232,-241,-288,-291,-292,-261,-251,-251,-250,-247,-266,-272,-256,-237,-514,-477,-477,-533,-517,-508,-529,-526,-528,-524,-497,-495,-495,-465,-609,-530,-878,-777,-1133,-1062,-1052,-875,-816,-759,-862,0,-798,-722,-783,-756,-1365,-1350,-1393,-1278,-1264,-1234,-1630,-1366,-1046,-1822,-1538,-1080,-12842,-12842,-29983,-29984,-29982,-12841]} 1. e4 e5 2. Nf3 Nc6 3. Nc3 Nf6 4. Bb5 Bb4 5. O-O O-O 6. d3 d6 7. Bg5 Ne7 8. Nh4 c6 9. Bc4 d5 10. Bb3 {C49: Four Knights: 4 Bb5 Bb4.} Qd6 11. Kh1 {[#]} ({Better is} 11. f4 $11) 11... h6 $146 ({Predecessor:} 11... Bxc3 12. bxc3 h6 13. Bxf6 Qxf6 14. Qh5 a5 15. a4 Kh7 16. Nf3 dxe4 17. dxe4 Ng6 {½-½ (38) Ng,C (1980)-Wallis,C (2357) Cammeray 2015}) 12. Bd2 {Black is slightly better.} dxe4 13. dxe4 Rd8 14. Be3 Bxc3 $1 15. bxc3 Nxe4 16. Qf3 Nf6 $36 {[%mdl 2048] Black is really pushing.} ({Much weaker is} 16... Nxc3 $6 17. Bxf7+ Kh7 18. Qh5 $11) 17. Rad1 (17. Qg3 $17) 17... Ned5 $19 {...Bg4 is the strong threat.} 18. c4 (18. Qe2 {was necessary.} Qc7 19. Bc1) 18... Bg4 {[%mdl 64] Skewer} 19. Qg3 Ne4 20. Qxg4 Nxe3 {[%mdl 64] Discovered Attack} 21. Rxd6 ({Don't blunder} 21. fxe3 $2 {[#]} Qxd1 $1 {[%mdl 512]} 22. Qf5 Qxf1+ $1 {[%mdl 512]} 23. Qxf1 Rd1 $1 $19 {[%mdl 512]}) 21... Nxg4 22. Rxd8+ Rxd8 23. f3 Ne3 24. Re1 Rd1 25. Rxd1 Nf2+ {[%mdl 64] Double Attack} 26. Kg1 Nfxd1 {[%mdl 4096] Endgame KBN-KNN} 27. c5 {If only White now had time for Ng6....} Kf8 {And now ...g5 would win.} 28. g3 a5 29. a4 $2 (29. Ng2 {was worth a try.}) 29... g5 30. Ng2 Nxg2 31. Kxg2 {KB-KN} Ne3+ 32. Kf2 Nf5 33. c3 Ke7 34. Ke2 Ng7 35. Kd3 f5 36. Bc2 Kf6 37. Kc4 h5 38. Bd3 Ne6 39. Bc2 Nc7 40. Kd3 Na6 41. Kc4 Nc7 42. Kd3 $1 Nd5 43. Bd1 g4 44. fxg4 hxg4 45. Be2 Kg5 46. Bf1 f4 47. Ke4 f3 48. c4 Nc3+ {[%mdl 64] Double Attack} 49. Kxe5 Nxa4 50. Kd6 Nc3 51. Ke5 a4 52. Kd4 Nd1 {White got outplayed after the opening. Accuracy: White = 37%, Black = 92%.} 0-1

[Event "HUN-ch Rapid 2020"]
[Site "Ajka"]
[Date "2020.07.19"]
[Round "10.8"]
[White "Csonka, Balazs"]
[Black "Kaczur, Florian"]
[Result "1/2-1/2"]
[WhiteElo "2498"]
[BlackElo "2507"]
[Annotator "TA"]
[PlyCount "37"]
[EventDate "2020.07.17"]
[EventType "rapid"]
[EventCountry "HUN"]
[SourceTitle "playchess.com"]
[Source "ChessBase"]
[SourceQuality "1"]

{[%evp 14,23,11,8,20,4,11,0,8,10,19,12]} 1. Nf3 d5 2. g3 c6 3. Bg2 Bf5 4. O-O e6 5. d3 Nf6 6. Nbd2 h6 7. b3 Be7 8. Bb2 {The position is equal.} a5 {A07: Réti Opening: New York and Capablanca Systems.} 9. a3 O-O 10. Re1 Re8 11. e4 Bh7 12. Qe2 {[#] Not much happened in this game.} {Predecessor:} Qb6 $146 13. Rab1 Qa6 14. c4 dxe4 15. dxe4 Rd8 16. Rbd1 Nbd7 17. e5 Ne8 18. Ne4 Nc5 19. Nd4 {0-1 (30) Durarbayli,V (2590)-Riazantsev,A (2692) Dubai 2014} 1/2-1/2

[Event "HUN-ch Rapid 2020"]
[Site "Ajka"]
[Date "2020.07.19"]
[Round "10.9"]
[White "Almasi, Zoltan"]
[Black "Farago, Sandor"]
[Result "0-1"]
[WhiteElo "2687"]
[BlackElo "2218"]
[Annotator "TA"]
[PlyCount "114"]
[EventDate "2020.07.17"]
[EventType "rapid"]
[EventCountry "HUN"]
[SourceTitle "playchess.com"]
[Source "ChessBase"]
[SourceQuality "1"]

{[%evp 16,114,41,33,56,8,33,22,37,40,49,12,0,0,39,23,25,27,59,46,40,30,68,46,89,0,23,0,0,-12,0,-14,-7,-20,-22,-15,0,-38,-32,-52,-70,-54,63,60,78,0,0,-8,0,0,9,-47,-43,-132,-114,-107,0,-219,-186,-265,-274,-264,156,143,163,158,214,147,243,267,441,413,401,0,0,-561,-558,-2866,-2448,-1810,-1781,-6494,-2311,-1604,-1792,-12838,-1059,-12836,-12837,-12842,-12843,-29982,-29983,-29983,-12841,-29985,-29986,-29986,-29985,-29988,-29989]} 1. Nf3 d5 2. c4 c6 3. g3 Nf6 4. Bg2 g6 5. b3 Bg7 6. Bb2 O-O 7. O-O Bf5 8. d3 Qc8 9. Re1 Bh3 {A11: English Opening: 1...c6.} 10. Bh1 h6 11. Nbd2 Nbd7 {The position is equal.} 12. Rc1 Qb8 {[#]} 13. Qc2 $146 ({Predecessor:} 13. cxd5 cxd5 14. Ba3 Re8 15. e4 dxe4 16. dxe4 Ng4 17. Qe2 Nde5 18. Bg2 Bxg2 19. Kxg2 Nxf3 20. Nxf3 {1-0 (60) Safyanovsky,M (2395)-Blaho,S (2180) Slovakia 1998}) 13... e5 14. cxd5 Nxd5 15. Nc4 Re8 16. d4 exd4 17. Bxd4 Bxd4 18. Nxd4 N5b6 19. Qd2 Nxc4 20. bxc4 (20. Qxh6 $16 Qd6 21. Rxc4 (21. Qxh3 Qxd4 22. Rxc4 Qd2 $14 {[%mdl 64] Double Attack})) 20... Kh7 21. Rb1 {Strongly threatening Bxc6!} Qc7 22. Qb2 Rab8 23. Qa3 Qe5 24. e3 Nc5 25. Red1 a6 26. Nb3 Ne4 27. Nd4 c5 28. Ne2 g5 ({Black should try} 28... Red8 $15) 29. Rd5 $1 $14 {[%cal Rd5e5]} Qe6 30. Rbd1 (30. Qd3 $16 {And now f3 would win.} f5 31. g4 $1 {[%mdl 512]}) 30... b5 $40 {[%mdl 128] White needs to defend precisely.} 31. Qc1 bxc4 32. Nc3 Nf6 33. Rd6 (33. Rxc5 $11 Rec8 34. Rxc8 Rxc8 35. Qd2) 33... Qe5 $15 34. Rxa6 (34. Bf3 $15) 34... Red8 $17 {Threatens to win with ...Qxc3!} 35. Re1 Rd3 {[#]} (35... Kg7 $1 $17 36. Ra5 Rd3) 36. Ne2 $2 (36. Ne4 $1 $11 {[%mdl 512]} Be6 (36... Nxe4 37. Qxc4) 37. Rxe6 $1 {[%mdl 512]} (37. Nxf6+ Qxf6 38. Be4+ {[%mdl 64] Double Attack} Kg7 $11) 37... fxe6 38. Qxc4) 36... Be6 37. Ra3 (37. Bc6 {keeps fighting.}) 37... Rb2 $19 38. Nd4 {Nc6 is the strong threat.} Rdd2 $2 (38... Rxa3 $19 39. Qxb2 cxd4 40. Qxa3 d3) 39. Nf3 $1 $16 {[%csl LRd2,LRe5][%mdl 64] Double Attack} Qd6 40. Nxd2 Rxd2 41. Bf3 Rd3 (41... g4 $16 42. Rd1 Rxd1+ 43. Qxd1 Qe5) 42. Rd1 $18 Bg4 $2 (42... Kg7 {is a better defense.} 43. Rc3 Nd7) 43. Bxg4 Nxg4 {[#]} 44. Qc2 $2 (44. Raxd3 $1 $18 cxd3 45. Qc4) 44... Ne5 $11 45. f4 $2 {[%mdl 8192]} (45. h3 $11 {and White has nothing to worry.}) 45... gxf4 $19 46. exf4 Qd4+ 47. Kf1 Qe4 {( -> ...Qh1+)} 48. Raxd3 cxd3 {[%mdl 4096] Endgame KQR-KQN} (48... Qh1+ $142 49. Kf2 Qxh2+ 50. Ke3 Qxc2) 49. Qg2 Nf3 50. Qb2 Nd4 (50... c4 $142 51. a4 {[#]} c3 $1 {[%mdl 576] Discovered Attack}) 51. Kg1 Qf3 52. Re1 Ne2+ 53. Rxe2 dxe2 {[%cal Re2e1]} 54. Qb1+ Kg7 (54... Kg8 $142 55. Qb8+ Kg7 56. Qb2+ f6 57. Qc1 Qd3 58. Qe1 Qe3+ 59. Kg2 c4 60. g4 c3 61. g5 hxg5 62. fxg5 fxg5 63. h4 c2 64. Qa1+ Kg8 65. Qb2 c1=Q 66. Qb8+ Kh7 67. Qb7+ Kh6 68. Qa6+ Kh5 69. Qg6+ {[%mdl 64] Decoy} Kxg6 70. h5+ Kxh5 71. Kh2 Qcg1#) 55. Qb2+ f6 {[%cal Re2e1] Black mates.} 56. Qc1 {[#]} c4 $1 {[%mdl 512]} 57. a4 (57. Qxc4 Qf1#) 57... c3 {Accuracy: White = 48%, Black = 63%.} 0-1